000 00633nam a2200241Ia 4500
003 OSt
005 20221007074128.0
006 a|||||r|||| 00| 0
007 ta
008 221006b |||||||| |||| 00| 0 eng d
024 _a20,744
037 _cTextual
040 _aFLL
_cFLL
_beng
041 _2eng
_aeng
082 _aX72:Z2q, L8
100 _aAiyar A.N. Au.
_9295101
245 0 _aWeath-tax act, 1957
250 _a4th
260 _aMadras
_bCompany law institute of inidia pvt. ltd. India
_c1978
300 _a579p
_ccm.
942 _hX72:Z2q, L8
_cTEXL
_2CC
999 _c1151259
_d1151259